000 00314nam a2200121Ia 4500
999 _c10881
_d10881
008 191201s2007 xx 000 0 und d
100 _aBAJAJ, Amrit
245 0 _aEmbroidery Techniques
260 _aNew Delhi
_bSonali
_c2020
300 _a248
650 _aBachelor of Fashion and Apparel Design
942 _2ddc
_cBK